000 00293nam a22001337a 4500
008 170425b xxu||||| |||| 00| 0 eng d
020 _a9780195080834
041 _aeng
080 _a54
100 _a12
101 _aSHM
245 _aA GUIDE TO THE ELEMENTS
_cSTWERTKA, A
942 _2udc
_cBK
999 _c11945
_d11945